000 00305nam a22001217a 4500
003 OSt
008 150215b xxu||||| |||| 00| 0 eng d
100 1 _aMa, Zung-Sung
041 _aeng
245 1 0 _aMA's Illustrated Catalogue of the Stamps of China 1st Ed
260 _bShun Chang & Co
_c1947
300 _a0 pages
999 _c751
_d751